000 00556nam a2200181Ia 4500
005 20250423100038.0
008 250422s9999 xx 000 0 und d
020 _a9781032306940
050 _aTK 5103.25 .M33/
100 _aEdited by Sinh Cong Lam, Chiranji Lal Chowdhary, Tushar Hrishikesh Jaware and Subrata Chowdhury.
245 0 _aMachine learning for mobile communications
260 _aBoca Raton
260 _bCRC Press
260 _c2024
300 _a193 p
650 _a 5G mobile communication systems. Machine learning.
942 _cBK
999 _c32120
_d32120